000 00206 a2200097 4500
001 18771
100 _aEmery, G
245 _aElectronic data processing
260 _a
_bPitman
_c1968
090 _c13917
_d13917
942 _aNUST-CAE
_cM
_c4355
999 _c253844
_d253844